Sports Quiz

Random Sports or Numbers Quiz

Most Receiving Yards by Jersey Number Quiz Stats

 Plays Quiz not verified by Sporcle

Score 0/10 Timer 02:00
0 Plays Today
Jersey # Player % Correct
80Jerry Rice
98.1%
81Terrell Owens
82.4%
84Randy Moss
64.2%
88Marvin Harrison
32.1%
83Andre Reed
20.8%
86Hines Ward
17%
82Jimmy Smith
14.5%
85Derrick Mason
8.2%
89Wes Chandler
3.1%
87Muhsin Muhammad
2.5%

You're not logged in!

Compare scores with friends on all Sporcle quizzes.
OR
Log In

Show Comments

Extras

Top Quizzes Today


Score Distribution

Your Account Isn't Verified!

In order to create a playlist on Sporcle, you need to verify the email address you used during registration. Go to your Sporcle Settings to finish the process.

Report this User

Report this user for behavior that violates our Community Guidelines.

Details: